000
00262nam a2200109Ia 4500
008
220204s9999 xx 000 0 und d
082
_b
GEN
245
0
_a
General provident fund rules
260
_a
New Delhi
_b
Swamy
_c
1963
650
_a
Provident fund
942
_c
BK
999
_c
19273
_d
19273